Strategic use of information technology for global organizations / (Record no. 641)
[ view plain ]
| 000 -LEADER | |
|---|---|
| fixed length control field | 01521nam a2200289 a 4500 |
| 005 - DATE AND TIME OF LATEST TRANSACTION | |
| control field | 20260112063227.0 |
| 020 ## - INTERNATIONAL STANDARD BOOK NUMBER | |
| International Standard Book Number | 9781599042923 (hardcover) |
| 020 ## - INTERNATIONAL STANDARD BOOK NUMBER | |
| International Standard Book Number | 1599042924 (hardcover) |
| 020 ## - INTERNATIONAL STANDARD BOOK NUMBER | |
| International Standard Book Number | 9781599042947 (ebook) |
| 020 ## - INTERNATIONAL STANDARD BOOK NUMBER | |
| International Standard Book Number | 1599042940 (ebook) |
| 039 ## - LEVEL OF BIBLIOGRAPHIC CONTROL AND CODING DETAIL [OBSOLETE] | |
| Level of rules in bibliographic description | 202110251241 |
| Level of effort used to assign nonsubject heading access points | staff |
| Level of effort used to assign subject headings | 201211290214 |
| Level of effort used to assign classification | staff |
| Level of effort used to assign subject headings | 200907300515 |
| Level of effort used to assign classification | staff |
| -- | 200907300514 |
| -- | staff |
| 050 ## - LIBRARY OF CONGRESS CALL NUMBER | |
| Classification number | 658.4038 |
| Item number | HUN |
| 082 ## - DEWEY DECIMAL CLASSIFICATION NUMBER | |
| Classification number | 658.4038 |
| Item number | HUN [ Shelf 53 ] |
| 245 ## - TITLE STATEMENT | |
| Title | Strategic use of information technology for global organizations / |
| Statement of responsibility, etc. | M. Gordon Hunter, Felix B. Tan [editors]. |
| 260 ## - PUBLICATION, DISTRIBUTION, ETC. | |
| Place of publication, distribution, etc. | Hershey, PA : |
| Name of publisher, distributor, etc. | IGI Pub., |
| Date of publication, distribution, etc. | c2007. |
| 300 ## - PHYSICAL DESCRIPTION | |
| Extent | ix, 397 p. : |
| Other physical details | ill. ; |
| Dimensions | 27 cm. |
| 504 ## - BIBLIOGRAPHY, ETC. NOTE | |
| Bibliography, etc. note | Includes bibliographical references and index. |
| 520 ## - SUMMARY, ETC. | |
| Summary, etc. | "This book provides valuable insights into the role of the CIO, his interaction within the organization and external relationships with vendors and suppliers. It emphasizes the need for balance between management and technology in the role of CIO, and focuses on this role as an expert on information technology, and a leader in the appropriate application of IT"--Provided by publisher. |
| 650 ## - SUBJECT ADDED ENTRY--TOPICAL TERM | |
| Topical term or geographic name entry element | Information technology |
| General subdivision | Management. |
| 650 ## - SUBJECT ADDED ENTRY--TOPICAL TERM | |
| Topical term or geographic name entry element | Strategic planning. |
| 700 ## - ADDED ENTRY--PERSONAL NAME | |
| Personal name | Hunter, M. Gordon. |
| 700 ## - ADDED ENTRY--PERSONAL NAME | |
| Personal name | Tan, Felix B., |
| Dates associated with a name | 1959- |
| 856 ## - ELECTRONIC LOCATION AND ACCESS | |
| -- | able of contents only |
| Uniform Resource Identifier | <a href=" http://www.loc.gov/catdir/toc/ecip0711/2007007261.html"> http://www.loc.gov/catdir/toc/ecip0711/2007007261.html</a> |
| 991 ## - | |
| -- | VIRTUA40 |
| 991 ## - | |
| -- | VTLSSORT0080*0200*0201*0202*0203*0500*0820*2450*2600*3000*5040*5200*6500*6501*7000*7001*8560*9992 |
| 909 ## - | |
| -- | 648 |
| Withdrawn status | Lost status | Damaged status | Not for loan | Home library | Current library | Date acquired | Total checkouts | Full call number | Barcode | Copy number | Koha item type |
|---|---|---|---|---|---|---|---|---|---|---|---|
| Indian Institute Of Management, Shillong | Indian Institute Of Management, Shillong | 30/07/2009 | 658.4038 HUN [ Shelf 53 ] | 0006028 | Reference | ||||||
| Indian Institute Of Management, Shillong | Indian Institute Of Management, Shillong | 30/07/2009 | 658.4038 HUN [ Shelf 53 ] | 0006029 | 1 | Book |